Countries Producing the Most Turkey - Statistics

General Stats
  • This quiz has been taken 106 times
  • The average score is 14 of 20
Answer Stats
x 100,000 country % Correct
2425 United States
96%
332 Brazil
93%
57 Canada
91%
198 France
91%
41 United Kingdom
91%
37 Mexico
90%
129 Germany
89%
251 Italy
89%
30 Argentina
88%
28 Russia
84%
122 Poland
79%
39 Turkey
79%
260 Chile
73%
64 Portugal
56%
20 Iran
50%
29 Hungary
43%
132 Morocco
39%
115 Tunisia
31%
35 Israel
30%
23 Madagascar
5%
No matching quizzes found
Score Distribution
Percent of People with Each Score
Percentile by Number Answered
Your Score History
You have not taken this quiz